|
|
|
|
| LEADER |
02267nam a22005057i 4500 |
| 001 |
mzk03001276868 |
| 003 |
CZ BrMZK |
| 005 |
20210105040628.0 |
| 007 |
ta |
| 008 |
201002s1593 sz fr|||||00| ||latod |
| 040 |
|
|
|a BOA001
|b cze
|e rda
|
| 072 |
|
7 |
|a 316.7
|x Sociologie kultury. Kulturní život
|2 Konspekt
|9 1
|
| 072 |
|
7 |
|a 094
|x Staré tisky
|2 Konspekt
|9 12
|
| 080 |
|
|
|a 316.722(37/38)
|2 MRF
|
| 080 |
|
|
|a 94(100)
|2 MRF
|
| 080 |
|
|
|a 025.171
|2 MRF
|
| 080 |
|
|
|a (0.068)094
|2 MRF
|
| 100 |
0 |
|
|a Plinius,
|c Mladší,
|d asi 61-asi 112
|7 jn19981001999
|4 aut
|
| 245 |
1 |
0 |
|a C. Plinij Secundi HISTORIAE MVNDI.
|n Tomus Tertius /
|c A SIGISMVNDO GELENIO sdiligenter castiguus, veterisquem codicum collatione restituam. Additae ad marginem variae lectiones ex doctorum virorum scriptis fideliter exceptae. Qui in hoc Tomo continentur sequens pagina indicat
|
| 246 |
3 |
0 |
|a HISTORIAE MVNDI
|
| 246 |
3 |
0 |
|a HISTORIAE MUNDI
|
| 264 |
|
1 |
|a [Genevae] :
|b Apvd Iacobvm Stoer,
|c 1593
|
| 300 |
|
|
|a 544 stran, 428 nečíslovaných stran ;
|c 8°
|
| 336 |
|
|
|a text
|b txt
|2 rdacontent
|
| 337 |
|
|
|a bez média
|b n
|2 rdamedia
|
| 338 |
|
|
|a svazek
|b nc
|2 rdacarrier
|
| 500 |
|
|
|a Výzdoba: Nad impresem dřevořez (Pliniův portrét), vlysy, viněty, iniciály
|
| 510 |
4 |
|
|a Dokoupil, V. Soupisy tisků 16. století z fondů Universitní knihovny v Brně, sv. 2 Tisky ... v Rajhradě;
|c č. 917
|
| 563 |
|
|
|a Lepenkové desky potažené pergamenem, červená ořízka
|
| 650 |
|
7 |
|a antická civilizace
|7 ph118482
|2 czenas
|
| 650 |
|
7 |
|a světové dějiny
|7 ph117271
|2 czenas
|
| 650 |
|
7 |
|a historické knihovní fondy
|7 ph172933
|2 czenas
|
| 655 |
|
7 |
|a staré tisky
|7 fd422076
|2 czenas
|
| 700 |
1 |
|
|a Gelen, Sigmund,
|d 1497-1554
|4 edt
|
| 856 |
4 |
2 |
|u https://reader.digitale-sammlungen.de/de/fs1/object/display/bsb10172108_00003.html
|y Digitalizovaný dokument
|z Exemplář Bavorské státní knihovny
|
| 856 |
4 |
1 |
|u https://imageserver.mzk.cz/mzk03/001/276/868/328100227548.titul.jp2
|y Titulní list
|
| 903 |
|
|
|a RP
|
| 910 |
|
|
|e BOE950
|c R - IV. a. 5032
|
| 978 |
|
|
|b Stoer, Jacob
|a Genève
|c 1593
|
| 984 |
|
|
|a Ženeva
|b Švýcarsko
|
| 985 |
|
|
|a 1551-1600
|
| 990 |
|
|
|a BK
|
| 996 |
|
|
|e BOE950
|c R - IV. a. 5032
|
| 991 |
|
|
|k rajhrad
|
| 980 |
|
|
|c 227548
|g R - IV. a. 5032
|1 328100227548
|p BN. 26384 (III.)
|